000 00692cam a2200205 4500
005 20211022095508.0
008 190806b mx ||||| |||| 00| 0 spa d
020 _a9703206360
050 0 4 _aK5256
_bP76 2003
245 0 0 _aProblemas jurídicos y políticos del terrorismo
_c/ José Juan de Olloqui, coordinador
250 _a1a ed.
260 _aMéxico :
_bUniversidad Autónoma de México. Instituto de Investigaciones Jurídicas,
_cc2003
300 _aviii, 350 p. :
_c21 cm.
490 0 _aEstudios jurídicos ;
_v43
504 _aIncluye bibliografías
506 _aPifi 2003
650 7 _2lemb
_aTerrorismo
700 1 _aOlloqui, José Juan de,
_ecoordinador
942 _2lcc
_cLIB
999 _c85575
_d85575